Ubiquitin and ubiquitin-like protein modifiers /

Ubiquitination and Protein Stability - Part A Volume 618, the latest release in the Methods in Enzymology series, highlights new advances in the field, with this updated volume presenting interesting chapter written by an international board of authors. Topics of note in this new release include the...

Full description

Bibliographic Details
Corporate Author: ScienceDirect (Online service)
Other Authors: Hochstrasser, Mark W., 1959- (Editor)
Format: eBook
Language:English
Published: Cambridge, MA : Academic Press, 2019.
Edition:First edition.
Series:Methods in enzymology ; v. 618.
Subjects:
Online Access:Connect to the full text of this electronic book

MARC

Tag First Indicator Second Indicator Subfields
LEADER 00000cam a2200000 i 4500
001 in00005764513
005 20260327154621.0
006 m o d
007 cr cnu|||unuuu
008 190311s2019 mau ob 000 0 eng d
040 |a N$T  |b eng  |e rda  |e pn  |c N$T  |d N$T  |d OPELS  |d UKMGB  |d UKAHL  |d OCLCF  |d CASUM  |d VT2  |d OCLCO  |d OCLCQ  |d OCLCO  |d OCLCQ  |d OCLCO  |d OCLCL  |d CLOUD  |d OCLCQ  |d OCLCL 
015 |a GBB953000  |2 bnb 
016 7 |a 019301759  |2 Uk 
019 |a 1130894179  |a 1235822600 
020 |a 9780128163603  |q (electronic bk.) 
020 |a 0128163607  |q (electronic bk.) 
020 |a 0128163593 
020 |a 9780128163597 
020 |z 9780128163597 
020 |z 9780128186671 
020 |z 0128186674 
035 |a (OCoLC)1089658313  |z (OCoLC)1130894179  |z (OCoLC)1235822600 
037 |a 9780128163603  |b Ingram Content Group 
050 4 |a QP552.U24 
060 4 |a W1  |b ME9615K v.618 2019 
060 4 |a QU 56 
072 7 |a MED  |x 075000  |2 bisacsh 
072 7 |a SCI  |x 036000  |2 bisacsh 
072 7 |a PSBZ  |2 bicssc 
082 0 4 |a 612.01575  |2 23 
049 |a TXAM 
245 0 0 |a Ubiquitin and ubiquitin-like protein modifiers /  |c [edited by] Mark Hochstrasser. 
250 |a First edition. 
264 1 |a Cambridge, MA :  |b Academic Press,  |c 2019. 
300 |a 1 online resource 
336 |a text  |b txt  |2 rdacontent 
337 |a computer  |b c  |2 rdamedia 
338 |a online resource  |b cr  |2 rdacarrier 
490 1 |a Methods in enzymology ;  |v volume 618 
504 |a Includes bibliographical references. 
588 |a Online resource; title from PDF title page (EBSCO, viewed March 12, 2019). 
505 0 |a Semisynthesis of ubiquitinated histone H2B with a native or nonhydrolyzable linkage / Michael Morgan, Muhammad Jbara, Ashraf Brik and Cynthia Wolberger -- Dual-color pulse-chase ubiquitination assays to simultaneously monitor substrate priming and extension / Daniel C. Scott and Brenda A. Schulman -- A genetic approach to study polyubiquitination in Saccharomyces cerevisiae / Fernando Meza-Gutierrez, Deniz Simsek and David P. Toczyski -- Enzymatic preparation of monoubiquitinated FANCD2 and FANCI proteins / Viduth K. Chaugule, Connor Arkinson, Rachel Toth and Helen Walden -- Methods to measure ubiquitin chain length and linkage / Fumiaki Ohtake, Hikaru Tsuchiya, Keiji Tanaka and Yasushi Saeki -- Detection of ubiquitination activity and identification of ubiquitinated substrates using TR-TUBE / Yukiko Yoshida, Yasushi Saeki, Hikaru Tsuchiya and Keiji Tanaka -- Methods to study phosphoribosylated ubiquitin ligation and removal / Jiazhang Qiu and Zhao-Qing Luo -- Biochemical characterization of SUMO-conjugating enzymes by in vitro sumoylation assays / Nathalie Eisenhardt, Dragana Ilic, Easa Nagamalleswari and Andrea Pichler -- Methods to study SUMO dynamics in yeast / Stefan Pabst, Lennard-Maximilian Döring, Natasha Petreska and R. Jürgen Dohmen -- Approaches for investigating the extracellular signaling function of ISG15 / Caleb D. Swaim, Larissa A. Canadeo and Jon M. Huibregtse -- Analysis of modification and proteolytic targeting by the ubiquitin-like modifier FAT10 / Annette Aichem, Annika N. Boehm, Nicola Catone, Gunter Schmidtke and Marcus Groettrup -- Methods to analyze STUbL activity / Emma Branigan, Anna Plechanovová and Ronald T. Hay -- Quantitative analysis of USP activity in vitro / Shreya Dharadhar, Robbert Q. Kim, Michael Uckelmann and Titia K. Sixma -- Evaluating enzyme activities and structures of DUBs / Jonathan N. Pruneda and David Komander -- Purification and functional characterization of the DUB domain of SdeA / Kedar Puvar, Shalini Iyer, Michael J. Sheedlo and Chittaranjan Das -- Profiling DUBs and Ubl-specific proteases with activity-based probes / Paul P. Geurink, Gerbrand J. van der Heden van Noort, Monique P.C. Mulder, Robert C.M. Knaap, Marjolein Kikkert and Huib Ovaa -- Assays of SUMO protease/isopeptidase activity and function in mammalian cells and tissues / Kathrin Kunz, Stefan Müller and Luca Mendler. 
520 |a Ubiquitination and Protein Stability - Part A Volume 618, the latest release in the Methods in Enzymology series, highlights new advances in the field, with this updated volume presenting interesting chapter written by an international board of authors. Topics of note in this new release include the Preparation of ubiquitinated nucleosomes with native and non-hydrolyzable linkages, Methods to measure ubiquitin chain length and linkage, Genetic approaches to study the yeast ubiquitin system, Enzymatic preparation of monoubiquitinated proteins, Methods to distinguish the function of ubiquitin in autophagy and the proteasome pathway, the Purification and characterization of enzyme activity of USPs, and much more. Provides the authority and expertise of leading contributors from an international board of authors Presents the latest release in this series on enzymology Updated release includes the latest information on methods to measure ubiquitin chain length and linkage, genetic approaches to study the yeast ubiquitin system, amongst many other timely topics. 
650 0 |a Ubiquitin. 
650 1 2 |a Ubiquitin 
650 2 2 |a Small Ubiquitin-Related Modifier Proteins 
650 2 |a Ubiquitins 
650 6 |a Ubiquitine. 
650 7 |a MEDICAL  |x Physiology.  |2 bisacsh 
650 7 |a SCIENCE  |x Life Sciences  |x Human Anatomy & Physiology.  |2 bisacsh 
650 7 |a Ubiquitin  |2 fast 
655 7 |a Electronic books.  |2 local 
655 4 |a Internet Resources. 
655 4 |a Index not Present. 
700 1 |a Hochstrasser, Mark W.,  |d 1959-  |e editor.  |1 https://id.oclc.org/worldcat/entity/E39PBJjmPv3rWCYq9bjBqQKmVC 
710 2 |a ScienceDirect (Online service) 
758 |i has work:  |a Ubiquitin and ubiquitin-like protein modifiers (Text)  |1 https://id.oclc.org/worldcat/entity/E39PCGXkKTVgjRF9D9j6YGVYMX  |4 https://id.oclc.org/worldcat/ontology/hasWork 
830 0 |a Methods in enzymology ;  |v v. 618. 
856 4 0 |u http://proxy.library.tamu.edu/login?url=https://www.sciencedirect.com/science/bookseries/00766879/618  |z Connect to the full text of this electronic book  |t 0 
955 |a Elsevier ScienceDirect 2026-2027 
994 |a 92  |b TXA 
999 f f |i dda69958-8675-414c-a266-ec31d37a7e5d  |s a018ffb7-1aec-4724-81c9-09a6e76476e1  |t 0 
952 f f |a Texas A&M University  |b College Station  |c Electronic Resources  |s www_evans  |d Available Online  |t 0  |e QP552.U24   |h Library of Congress classification 
998 f f |a QP552.U24   |t 0  |l Available Online